00888nam a2200253 a 4500001001000000003000400010005001700014008004100031020001500072040002500087082001800112100003000130245009700160260005300257300002700310490002900337504002600366600003200392650004400424650005100468650006100519700002500580830002900605000025298OSt20240302073950.0110214s2003 dr a 001 0bspa d a9993476994 aDO-SdBNPbspacBNPHU a923.31bB142c1 aCassá, Roberto, d1948-10aMauricio Báez :blíder del proletario /cRoberto Cassá ; ilustraciones Ramiro Manzano. aSanto Domingo :bAlga y Omega :bTobogan,c2003. a57 p. :bil. ;c21 cm.1 aBiografías dominicanas aBibliografía: p. 5714aBÁEZ, MAURICIOd1910-1950 4aLideres obreroszRepública Dominicana 4aTrabajo y trabajadoreszRepública Dominicana 4aSindicatosxActividad políticazRepública Dominicana1 aManzano, Ramiroeil. 0aBiografías dominicanas